Výrobné služby - akcelerátor výkonnosti ekonomiky

Podiel sektora služieb na zamestnanosti a tvorbe hrubého domáceho produktu. Subsektory služieb v trhovej ekonomike. Členenie služieb: výrobné služby, distribučné služby, osobné služby, spoločenské a sociálne služby. Význam služieb vo vybraných vyspelých krajinách a na Slovensku.

Na minha lista:
Detalhes bibliográficos
Autor principal: Michalová, Valéria
Formato: Capítulo de Livro
Idioma:eslovaco
Assuntos:
Tags: Adicionar Tag
Sem tags, seja o primeiro a adicionar uma tag!

MARC

LEADER 00000naa a2200000 4500
001 r025671
005 20221205090454.6
041 0 |a slo 
044 |a SK 
245 1 0 |a Výrobné služby - akcelerátor výkonnosti ekonomiky  |c Valéria Michalová 
520 |a Podiel sektora služieb na zamestnanosti a tvorbe hrubého domáceho produktu. Subsektory služieb v trhovej ekonomike. Členenie služieb: výrobné služby, distribučné služby, osobné služby, spoločenské a sociálne služby. Význam služieb vo vybraných vyspelých krajinách a na Slovensku. 
610 2 0 |a služby výrobné 
610 2 0 |a výkonnosť 
610 2 0 |a hospodárstvo trhové 
610 2 0 |a produktívnosť 
610 2 0 |a produkt domáci hrubý 
610 2 0 |a krajiny vyspelé 
610 2 0 |a služby finančné 
610 2 0 |a Slovensko 
100 1 |a Michalová, Valéria